UÇUŞ (Kayıt no. 715810)

MARC ayrıntıları
000 -LEADER
sabit uzunluktaki kontrol alanı 00225nam a2200097Ia 4500
001 - KONTROL NUMARASI
kontrol alanı 715810
005 - EN SON İŞLEMİN TARİH VE ZAMANI
kontrol alanı 20250826162932.0
008 - SABİT-UZUNLUKTA VERİ ÖĞELERİ--GENEL BİLGİ
sabit uzunluktaki kontrol alanı 250824s9999 xx 000 0 und d
245 #0 - ESER / YAZAR
ESER ADI UÇUŞ
Yazar Adı ANGIE SAGE
260 ## - YAYIN, DAĞITIM, VB.
YAYIN EVİ ALTIN YAYINLARI
Mevcut
Düşüm durumu Kayıp durumu Hasar Durumu Ödünç verilmez Ana kütüphane Geçerli Kütüphane Edinilen tarih Toplam ödünç verme sayısı Barkod Son görüntüleme tarihi Fiyatın geçerli olmaya başladığı tarih Koha materyal türü
        OSMAN NURİ HEKİMOĞLU ANADOLU LİSESİ OSMAN NURİ HEKİMOĞLU ANADOLU LİSESİ 24.08.2025   10331891 26.08.2025 26.08.2025 Kitaplar
Gemini Bilgi Teknolojileri A.Ş. tarafından düzenlenmiştir.